• 首页
  • 本馆介绍
  • 公告通知
  • 最新文献
  • 馆藏检索
  • 电子资源
  • 读者导购
  • 参考咨询
  • 我的图书馆
  • 登录
  • 详细信息显示
  • 放入我的书架
  • 预约/预借图书
  • 作者相关作品
  • 分类相关作品
  • 丛书相关作品
  • 出版社相关作品

书目信息

  • 表格格式
  • 工作单格式
  • 卡片格式
题名:
船体火工高级工培训教程
    
 
作者: 张子睿 主编
分册:  
出版信息: 哈尔滨   哈尔滨工程大学出版社  2007
页数: 83页
开本: 26cm
丛书名: 船舶工人培训丛书
单 册:
中图分类: U671.6
科图分类:
主题词: 造船--金属材料--热处理--技术教育--教材 , 金属材料 , 热处理 , 技术教育 , 教材
电子资源:
ISBN: 978-7-81073-932-0
000 01100oam2 2200337 450
001 001749514
005 20070814095403.0
010    @a978-7-81073-932-0@dCNY12.00
035    @a(A100000NLC)003417399
049    @aA100000NLC@bUCS01001749514@c003417399@dNLC01
100    @a20070327d2007 em y0chiy0110 ea
101 0  @achi
102    @aCN@b230000
105    @ay z 000yy
106    @ar
200 1  @a船体火工高级工培训教程@9chuan ti huo gong gao ji gong pei xun jiao cheng@b专著@f张子睿主编
210    @a哈尔滨@c哈尔滨工程大学出版社@d2007
215    @a83页@d26cm
225 2  @a船舶工人培训丛书
330    @a本书重点介绍了焊接船体结构常用材料的热加工及火工矫正的各种方法、常用工具和技术要求。
461  0 @12001 @a船舶工人培训丛书@1035 @a(A100000NLC)000216351
606 0  @a造船@x金属材料@x热处理@x技术教育@j教材
606 0  @a金属材料
606 0  @a热处理
606 0  @a技术教育
606 0  @a教材
690    @aU671.6@v4
701  0 @a张子睿@9zhang zi rui@c(船舶)@4主编
801  0 @aCN@b110019@c20070403
801  2 @aCN@bOLCC@c20100923
905    @b1552225-83@dU671.6@e1223@f59
    
    船体火工高级工培训教程/张子睿主编.-哈尔滨:哈尔滨工程大学出版社,2007
    83页;26cm.-(船舶工人培训丛书)
    
    
    ISBN 978-7-81073-932-0:CNY12.00
    本书重点介绍了焊接船体结构常用材料的热加工及火工矫正的各种方法、常用工具和技术要求。
●
相关链接 在E读中查询图书 在五车中查询图书 在当当中查询图书 在豆瓣中查询图书


正题名:船体火工高级工培训教程     索取号:U671.6/1223         预约/预借

序号 登录号 条形码 馆藏地/架位号 状态 备注
1 1552225   215522254   不外借—密集书库/ [索取号:U671.6/1223] 在馆    
2 1552226   215522263   不外借—密集书库/ [索取号:U671.6/1223] 在馆    
3 1552227   215522272   不外借—密集书库/ [索取号:U671.6/1223] 在馆    
4 1552228   215522281   不外借—密集书库/ [索取号:U671.6/1223] 在馆    
5 1552229   215522290   不外借—密集书库/ [索取号:U671.6/1223] 在馆    
6 1552230   215522307   不外借—密集书库/ [索取号:U671.6/1223] 在馆    
7 1552231   215522316   第三借阅区/ [索取号:U671.6/1223] 在馆    
8 1552232   215522325   第三借阅区/ [索取号:U671.6/1223] 在馆    
9 1552233   215522334   第三借阅区/ [索取号:U671.6/1223] 在馆    
10 1552234   215522343   第三借阅区/ [索取号:U671.6/1223] 在馆    
11 1552235   215522352   第二样本阅览室/ [索取号:U671.6/1223] 在馆    
12 1552236   215522361   不外借—密集书库/ [索取号:U671.6/1223] 在馆    
13 1552237   215522370   不外借—密集书库/ [索取号:U671.6/1223] 在馆    
14 1552238   215522389   不外借—密集书库/ [索取号:U671.6/1223] 在馆    
15 1552239   215522398   不外借—密集书库/ [索取号:U671.6/1223] 在馆    
16 1552240   215522405   不外借—密集书库/ [索取号:U671.6/1223] 在馆    
17 1552241   215522414   不外借—密集书库/ [索取号:U671.6/1223] 在馆    
18 1552242   215522423   不外借—密集书库/ [索取号:U671.6/1223] 在馆    
19 1552243   215522432   不外借—密集书库/ [索取号:U671.6/1223] 在馆    
20 1552244   215522441   不外借—密集书库/ [索取号:U671.6/1223] 在馆    
21 1552245   215522450   不外借—密集书库/ [索取号:U671.6/1223] 在馆    
22 1552246   215522469   不外借—密集书库/ [索取号:U671.6/1223] 在馆    
23 1552247   215522478   不外借—密集书库/ [索取号:U671.6/1223] 在馆    
24 1552248   215522487   不外借—密集书库/ [索取号:U671.6/1223] 在馆    
25 1552249   215522496   不外借—密集书库/ [索取号:U671.6/1223] 在馆    
26 1552250   215522502   不外借—密集书库/ [索取号:U671.6/1223] 在馆    
27 1552251   215522511   不外借—密集书库/ [索取号:U671.6/1223] 在馆    
28 1552252   215522520   不外借—密集书库/ [索取号:U671.6/1223] 在馆    
29 1552253   215522539   不外借—密集书库/ [索取号:U671.6/1223] 在馆    
30 1552254   215522548   不外借—密集书库/ [索取号:U671.6/1223] 在馆    
31 1552255   215522557   不外借—密集书库/ [索取号:U671.6/1223] 在馆    
32 1552256   215522566   不外借—密集书库/ [索取号:U671.6/1223] 在馆    
33 1552257   215522575   不外借—密集书库/ [索取号:U671.6/1223] 在馆    
34 1552258   215522584   不外借—密集书库/ [索取号:U671.6/1223] 在馆    
35 1552259   215522593   不外借—密集书库/ [索取号:U671.6/1223] 在馆    
36 1552260   215522600   不外借—密集书库/ [索取号:U671.6/1223] 在馆    
37 1552261   215522619   不外借—密集书库/ [索取号:U671.6/1223] 在馆    
38 1552262   215522628   不外借—密集书库/ [索取号:U671.6/1223] 在馆    
39 1552263   215522637   不外借—密集书库/ [索取号:U671.6/1223] 在馆    
40 1552264   215522646   不外借—密集书库/ [索取号:U671.6/1223] 在馆    
41 1552265   215522655   不外借—密集书库/ [索取号:U671.6/1223] 在馆    
42 1552266   215522664   不外借—密集书库/ [索取号:U671.6/1223] 在馆    
43 1552267   215522673   不外借—密集书库/ [索取号:U671.6/1223] 在馆    
44 1552268   215522682   不外借—密集书库/ [索取号:U671.6/1223] 在馆    
45 1552269   215522691   不外借—密集书库/ [索取号:U671.6/1223] 在馆    
46 1552270   215522708   不外借—密集书库/ [索取号:U671.6/1223] 在馆    
47 1552271   215522717   不外借—密集书库/ [索取号:U671.6/1223] 在馆    
48 1552272   215522726   不外借—密集书库/ [索取号:U671.6/1223] 在馆    
49 1552273   215522735   不外借—密集书库/ [索取号:U671.6/1223] 在馆    
50 1552274   215522744   不外借—密集书库/ [索取号:U671.6/1223] 在馆    
51 1552275   215522753   不外借—密集书库/ [索取号:U671.6/1223] 在馆    
52 1552276   215522762   不外借—密集书库/ [索取号:U671.6/1223] 在馆    
53 1552277   215522771   不外借—密集书库/ [索取号:U671.6/1223] 在馆    
54 1552278   215522780   不外借—密集书库/ [索取号:U671.6/1223] 在馆    
55 1552279   215522799   不外借—密集书库/ [索取号:U671.6/1223] 在馆    
56 1552280   215522806   不外借—密集书库/ [索取号:U671.6/1223] 在馆    
57 1552281   215522815   不外借—密集书库/ [索取号:U671.6/1223] 在馆    
58 1552282   215522824   不外借—密集书库/ [索取号:U671.6/1223] 在馆    
59 1552283   215522833   不外借—密集书库/ [索取号:U671.6/1223] 在馆    
唐山师范学院图书馆 欢迎您!
大连网信软件有限公司© 版权所有